Responses for show #5282 - Tuesday, July 24, 2007

2007 Teen Tournament Summer Games semifinal game 2.

Contestants

[<< previous game]

Lisa Ackerman, a senior from Livermore, California

Meryl Federman, a senior from Livingston, New Jersey

Aiden Pink, a freshman from St. Louis Park, Minnesota

[next game >>]

Jeopardy! Round responses

PRESIDENTIAL LIBRARIES
SPORTS LEGENDS
BALLET
CHECK OUT MY CRIB
MOUNTAINS
WORDS
    $200 2
Jimmy Carter

Aiden
    $200 1
Hank Aaron

Meryl
    $200 20
Vienna

Meryl
    $200 23
an aquarium

Meryl
    $200 4
the Green Mountains

Lisa
    $200 5
chatter

Lisa
    $400 12
Harry Truman

Meryl
    $400 3
Lance Armstrong

Meryl
    $400 21
(Meryl: What is the samba?)

the tango

AidenMeryl
    $400 25
a director's chair

Meryl
    $400 17
Mount Everest

Lisa
    $400 6
sculpture

Meryl
    $600 13
Barbara

Aiden
    $600 10
Magic Johnson & Larry Bird (& Michael Jordan)

Aiden
    $600 24
a horse

Aiden
    $600 27
candles

Meryl
    $600 18
Hawaii

Meryl
    $600 7
relish

Lisa
    $800 15
John F. Kennedy

Aiden
    $800 11
Cy Young

Meryl
    $800 26
Maurice Sendak

Aiden
    $800 28
vanity

Triple Stumper
    $800 19
(Aiden: What is Turkey?)

Russia

AidenMeryl
    $800 8
an earwitness

Meryl
    $1000 16
L.B.J.

Aiden
    $1000 14
Martina Navratilova

Aiden
    $1000 29
The Tempest

Meryl
    $1000 30
an ottoman

Meryl
    $4,800 22
(Aiden: You know what-- let's make it a True Daily Double, all of it.)

the Andes

Aiden
    $1000 9
turrets

Aiden

Scores at the first commercial break (after clue 15):

Aiden Meryl Lisa
$4,200 $3,000 $1,000

Scores at the end of the Jeopardy! Round:

Aiden Meryl Lisa
$11,000 $7,400 $1,400

Double Jeopardy! Round responses

JULY
WHAT'S ON TV?
LAW ENFORCEMENT
LITERATURE
COMPANIES YOUNGER THAN YOU
SYNONYMS
    $400 21
The Salvation Army

Meryl
    $400 3
Simon Cowell

Meryl
    $400 12
go to school

Aiden
    $400 1
Oliver Twist

Meryl
    $400 26
eBay

Aiden
    $400 7
bloom

Meryl
    $800 22
Richmond

Meryl
    $800 13
Ugly Betty

Meryl
    $800 14
(Aiden: What is a height grid?)

a line-up

AidenMeryl
    $800 2
(Nathaniel) Hawthorne

Aiden
    $800 27
Google

Aiden
    $4,000 8
(Alex: What is...?)
(Meryl: I can't come up with it.)
(Alex: What is [*].)
(Meryl [*]?)

a crush

Meryl
    $4,000 23
Windsor

Meryl
    $1200 16
How I Met Your Mother

Lisa
    $1200 15
the FBI

Aiden
    $1200 4
Kipling

Lisa
    $1200 28
Napster

Aiden
    $1200 9
objection

Meryl
    $1600 24
July 4

Meryl
    $1600 17
Identity

Aiden
    $1600 19
(Lisa: What is blue?)
...
(Alex: NYPD [*], another word for badge.)

Shield

Lisa
Triple Stumper
    $1600 5
Solomon

Meryl
    $1600 29
Mark Cuban

Aiden
    $1600 10
swoon

Lisa
    $2000 25
(Aiden: Who is McKinley?)

Grover Cleveland

Aiden
Triple Stumper
    $2000 18
Jericho

Lisa
    $2000 20
(Aiden: What's an accusation?)

a complaint

AidenMeryl
    $2000 6
Beowulf

Meryl
    $2000 30
(Lisa: What is solar power?)

ethanol

AidenLisa
    $2000 11
cloister

Meryl

Scores at the end of the Double Jeopardy! Round:

Aiden Meryl Lisa
$16,200 $21,800 $3,800

[wagering suggestions for these scores]

Final Jeopardy! Round responses

ANIMALS
(Alex: Ailuropoda, catfoot. Melanoleuca, black-white. Did that help or confuse?)
...
(Alex: [After revealing Aiden's wager] A gutsy move, sorry it didn't work.)
[Aiden waves goodbye]
(Alex: Yeah, bye-bye.)
...
(Alex: [After revealing Meryl's response] Sorry. You gave us information that makes your response incorrect. Your parents are sweating now because, [Reveals Meryl's wager] well, they don't have to worry because you didn't risk enough.)
LisaWhat is a panda?
$3,799
AidenWhat is the white elephant?
$16,200
MerylWhat is a black panda?
$10,601
the giant panda

Final scores:

Aiden Meryl Lisa
$0 $11,199 $7,599
3rd place: $10,000 Finalist 2nd place: $10,000

Game dynamics:

Coryat scores:

Aiden Meryl Lisa
$12,400 $23,000 $3,800
20 R
(including 1 DD),
4 W
28 R
(including 1 DD),
2 W
(including 1 DD)
8 R,
2 W

Combined Coryat: $39,200

The J! Archive is created by fans, for fans. The Jeopardy! game show and all elements thereof, including but not limited to copyright and trademark thereto, are the property of Jeopardy Productions, Inc. and are protected under law. This website is not affiliated with, sponsored by, or operated by Jeopardy Productions, Inc. Join the discussion at JBoard.tv.